| 000 | 00920nam a2200229Ia 4500 | ||
|---|---|---|---|
| 999 |
_c34566 _d34566 |
||
| 001 | 327 | ||
| 003 | GE_BSU | ||
| 005 | 20200122161235.0 | ||
| 008 | 181216s2006||||ge |||||||||||||| ||geo|| | ||
| 020 | _a9994082159 | ||
| 040 | _cGE_BSU | ||
| 041 | _ageo | ||
| 080 | _a796.5(479.22-25)(036) თ-38 | ||
| 245 |
_aთბილისის ტურისტული ცნობარი = Tbilisi tourist guide = Туристический справочник по Тбилиси / _c[ფოტოები აკაკი მუშკიაშვილის]. |
||
| 264 |
_aთბილისი : _bშემეცნება, _c2006. |
||
| 300 |
_a56 გვ.; _b22 სმ. |
||
| 500 | _aქართ., ინგლ. და რუს | ||
| 653 | _aცნობარი | ||
| 653 | _aთბილისი | ||
| 700 |
_aმუშკიაშვილი, აკაკი _eფოტო _96322 |
||
| 942 |
_cBK _2udc |
||